Mots à double-genre - 2 - Statistiques

Statistiques générales
  • Ce quiz a été pris 158 fois
  • Le résultat moyen est 4 sur 15
Statistiques - réponses
Nom masculin Nom Nom féminin % Correct
Noir hors atmosphère Espace Blanc séparant deux mots (terme d'imprimerie)
74%
Assurancetourix Barde Bout de gras
63%
S'oppose au mental Physique S'occupe de la matière
61%
Noir en cas de deuil Crêpe Bretonne dans bien des cas
39%
Moment de calme à apprécier sans retenue Somme Résultat d'une opération avec parfois des retenues
39%
Aime la marinière Moule Aimé de la pâtissière
29%
Balance beaucoup Pendule Parfois à balancier
27%
Déplacement circulaire Tour Se déplace horizontalement ou verticalement
19%
Total financier Solde Total militaire
13%
Se prend pour s'installer Poste Assure la correspondance
12%
Pour franchir une porte Passe Pour franchir un détroit
7%
Trouvé au tribunal Greffe Union contre-nature
4%
Assure le service en fond de cour Page Suscite l'effroi quand elle est sombre ou blanche
2%
Accessoire de tombeau Cartouche Accessoire pour aller au tombeau
1%
Opérateur pas forcément délicat Manoeuvre Opération parfois délicate
1%
Aucun quiz correspondant
Distribution des résultats
% des personnes avec chaque résultat
Percentile par nombre de réponses
Votre historique - résultats
Vous n’avez pas pris ce quiz